Tennis - Qui marque le point ? #1 - Statistiques

Statistiques générales
  • Ce quiz a été pris 97 fois
  • Le résultat moyen est 7 sur 10
Statistiques - réponses
Hint Réponse % Correct
Gaël Monfils
99%
Roger Federer
96%
Rafael Nadal
94%
Richard Gasquet
94%
Benoit Paire
93%
Andy Murray
76%
André Agassi
50%
Pete Sampras
50%
Marat Safin
30%
Grigor Dimitrov
12%
Aucun quiz correspondant
Distribution des résultats
% des personnes avec chaque résultat
Percentile par nombre de réponses
Votre historique - résultats
Vous n’avez pas pris ce quiz